Devinez le nom du joueur CS2 - Statistiques

Statistiques générales
  • Ce quiz a été pris 16 fois
  • Le résultat moyen est 12 sur 16
Statistiques - réponses
Par images Réponse % Correct
ZywOo
100%
apEX
90%
donk
90%
m0NESY
90%
NiKo
90%
FalleN
80%
Jame
80%
molodoy
80%
ropz
80%
HeavyGod
70%
sh1ro
70%
YEKINDAR
70%
Aleksib
60%
lauNX
60%
jks
40%
Krabeni
30%
Aucun quiz correspondant
Distribution des résultats
% des personnes avec chaque résultat
Percentile par nombre de réponses
Votre historique - résultats
Vous n’avez pas pris ce quiz